Motivational immediacy in the workplace : facilitating learner engagement in training environments /

Bibliographic Details
Main Author: Taylor, Jonathan E., 1972- (Author)
Corporate Author: Taylor & Francis
Format: eBook
Language:English
Published: New York, NY : Routledge, 2022.
Subjects:
Online Access:Connect to the full text of this electronic book

MARC

Tag First Indicator Second Indicator Subfields
LEADER 00000nam a2200000 i 4500
001 in00004596813
003 OCoLC
005 20220930150256.5
006 m o d
007 cr |||||||||||
008 211220s2022 nyu ob 001 0 eng
010 |a  2021053017 
024 8 |a 40031329011 
040 |a DLC  |b eng  |e rda  |c DLC  |d TYFRS  |d OCLCF  |d N$T  |d YDX 
019 |a 1289785293 
020 |a 1000573788 
020 |a 9781003144137  |q (ebook) 
020 |a 1003144136 
020 |a 9781000573718  |q (electronic bk. : PDF) 
020 |a 1000573710  |q (electronic bk. : PDF) 
020 |a 9781000573787  |q (electronic bk.) 
020 |z 9780367699864  |q (hardback) 
020 |z 9780367699857  |q (paperback) 
035 |a (OCoLC)1290245753  |z (OCoLC)1289785293 
037 |a 9781003144137  |b Taylor & Francis 
042 |a pcc 
050 4 |a HD58.82  |b .T39 2022 
072 7 |a EDU  |x 000000  |2 bisacsh 
072 7 |a JN  |2 bicssc 
082 0 0 |a 658.3/124  |2 23/eng/20211220 
100 1 |a Taylor, Jonathan E.,  |d 1972-  |e author. 
245 1 0 |a Motivational immediacy in the workplace :  |b facilitating learner engagement in training environments /  |c Jonathan E. Taylor. 
264 1 |a New York, NY :  |b Routledge,  |c 2022. 
300 |a 1 online resource. 
336 |a text  |b txt  |2 rdacontent 
337 |a computer  |b c  |2 rdamedia 
338 |a online resource  |b cr  |2 rdacarrier 
504 |a Includes bibliographical references and index. 
588 |a Description based on print version record and CIP data provided by publisher. 
545 0 |a Jonathan E. Taylor is an Associate Professor at Auburn University (USA). He holds a Ph.D. in Educational Psychology and Research from the University of Tennessee. Prior to his academic career, he spent over a decade as a training coordinator and an instructor in workplace contexts. His areas of interest and scholarship are applied philosophy, conceptual change, and learning resistance and engagement in workplace contexts. 
650 0 |a Organizational learning. 
650 0 |a Employees  |x Training of. 
650 0 |a Employee motivation. 
650 0 |a Educational psychology. 
650 0 |a Teaching  |x Aids and devices. 
650 7 |a EDUCATION / General  |2 bisacsh 
650 7 |a Educational psychology.  |2 fast  |0 (OCoLC)fst00903571 
650 7 |a Employee motivation.  |2 fast  |0 (OCoLC)fst00909027 
650 7 |a Employees  |x Training of.  |2 fast  |0 (OCoLC)fst00909221 
650 7 |a Organizational learning.  |2 fast  |0 (OCoLC)fst01047870 
650 7 |a Teaching  |x Aids and devices.  |2 fast  |0 (OCoLC)fst01144567 
655 7 |a Electronic books.  |2 local 
710 2 |a Taylor & Francis 
776 1 8 |i Print version:  |a Taylor, Jonathan E., 1972-  |t Motivational immediacy in the workplace  |b 1 Edition.  |d New York, NY : Routledge, 2022  |z 9780367699864  |w (DLC) 2021053016 
856 4 0 |u http://proxy.library.tamu.edu/login?url=https://www.taylorfrancis.com/books/9781003144137  |z Connect to the full text of this electronic book  |t 0 
945 |b 448466 
955 |a YBP purchased approval e-records 
980 |b ebook  |c 40031329011  |f NONFIC/B  |g 565751  |k USD  |m 180.00  |q 1  |s AcqMono Conventional  |t Approval plan  |u Vendor order reference number  |v ZYBP  |y E-approvals  |z Electronic resource 
999 f f |i cea549f1-0930-4ae7-abb0-65195a7dd1ae  |s 1947557b-3de0-47d0-9b5c-2fad21950dd5  |t 0 
952 f f |a Texas A&M University  |b College Station  |c Electronic Resources  |s www_evans  |d Available Online  |t 0  |e HD58.82 .T39 2022  |h Library of Congress classification